[Event "Candidates Tournament"]
[Site "Khanty-Mansiysk"]
[Date "2014.03.23"]
[Round "9"]
[White "Mamedyarov, Shakhriyar"]
[Black "Aronian, Levon"]
[Result "1-0"]
[WhiteElo "2757"]
[BlackElo "2830"]
[Annotator "Krasenkow,M"]
[PlyCount "87"]
[EventDate "2014.03.13"]
[EventType "tourn"]
[EventRounds "14"]
[EventCountry "RUS"]
[EventCategory "21"]
[SourceTitle "CBM 160"]
[Source "ChessBase"]
[SourceDate "2014.05.15"]
[SourceVersion "1"]
[SourceVersionDate "2014.05.15"]
[SourceQuality "1"]

1. d4 Nf6 2. c4 e6 3. Nc3 Bb4 4. f3 O-O 5. e4 d5 6. e5 Nfd7 7. cxd5 exd5 8. a3
Bxc3+ 9. bxc3 f6 10. exf6 Qe8+ (10... Qxf6 {is the common move in this
position - see CBM 106, annotations to Moskalenko - Gonzalez by V.Gavrikov.
Here is a later GM game:} 11. Ne2 Nb6 12. Nf4 c5 $6 (12... Nc6 $13) 13. a4 Nc6
14. a5 Nc4 15. Nxd5 Qe6+ 16. Qe2 N4xa5 17. Qxe6+ Bxe6 18. Nc7 $16 {1/2 (26)
Aleksandrov,A (2604)-Kravtsiv,M (2546) Bhubaneswar 2010}) 11. Qe2 (11. Kf2 $6
Nxf6 12. Bd3 Ne4+ 13. Bxe4 dxe4 14. Qb3+ Kh8 15. f4 Nc6 16. Ne2 Na5 $17 {
1/2 (48) Hawkins,J (2383)-Zdebskaja,N (2408) Hastings 2010}) 11... Qf7 $5 $146
{Black goes for sharp play, not content with equality after the recapture on
f6:} (11... Nxf6 12. Qxe8 Nxe8 13. Ne2 Nd6 (13... Nd7 $142 $11 {[%cal Yd7b6]})
14. Bf4 Rd8 15. Ng3 Nc6 16. Bd3 Be6 17. Kf2 Bf7 18. Nf5 Bg6 {1/2 (18) Shmeliov,
D (2270)-Kraai,J (2505) Las Vegas 2007} 19. Nxd6 cxd6 20. Bxg6 hxg6 21. Rab1 b6
22. Rb5 $14) 12. fxg7 Re8 13. Be3 Nc6 14. Qd2 Na5 15. Rb1 Nb6 16. Rb4 {White
must give up an exchange; however, if he successfully completes his
development after that, Black's exposed king will guarantee him good
compensation.} Nac4 17. Bxc4 dxc4 $6 {Too subtle.} (17... Nxc4 $142 18. Rxc4
dxc4 19. Ne2 Bf5 {[%cal Ya8d8,Yc7c5] with an excellent position for Black.})
18. Rb5 $1 Bf5 $6 {In the second half of the Candidates tournament Levon
Aronian often took strange decisions when he should have made simple and good
moves.} (18... Nd5 $142 19. Rxd5 Qxd5 20. Ne2 Bf5) 19. Kf2 $6 {White prefers
to follow his initial plan but it was quite possible to play} (19. Re5 {, e.g.}
Rxe5 20. dxe5 Qe7 21. Ne2 Qxe5 22. Nf4 Re8 23. Kf2 Qxg7 {- Black restores the
material balance but his position is poor as his king is completely
unprotected.}) 19... Nd5 20. Rxd5 ({It is strange to suggest} 20. Bf4 $5 {
after White has not played 19.Re5.}) 20... Qxd5 21. Ne2 a5 {[%mdl 32] The plan
of advancing queenside pawns eventually fails. Black can only make c4 a passed
pawn but it will be safely blocked on c3; meanwhile, White develops his
initiative on the kingside.} (21... Rad8 {[%cal Yc7c5] deserved attention here,
too, although it would work better with Black's queen on f7 (see annotation to
move 17).}) 22. h4 b5 23. h5 b4 $6 (23... Qd6 $5 {(recommended by P.Maletin)}
24. Ra1 Qf6 {probably offered Black more counter-chances.}) 24. cxb4 axb4 25.
axb4 Qb5 $6 (25... Bd3 $142 26. Nf4 Qd6 {, according to P.Maletin.}) 26. Re1
Bd3 (26... Ra3 27. Bg5 $1) 27. Nf4 Ra3 (27... Ra4 28. d5 Qxb4 29. Qxb4 Rxb4 30.
h6 $16 {[%csl Gg7] _|_, P.Maletin}) 28. d5 Bb1 29. Kg3 c3 {Black has finally
managed to push his c-pawn but the collapse on the e-file comes before it can
queen.} 30. Qc1 Rb3 31. Bc5 (31. Bd4 {was even simpler:} c2 32. h6 $18 {
[%cal Rf4h5]}) 31... Rxe1 (31... Qd7 32. Ne6 {[%cal Yc1g5]}) 32. Qxe1 Qd7 33.
h6 Qf7 34. Nh5 Bg6 35. Qe8+ $1 Qxe8 36. Nf6+ Kf7 37. Nxe8 Ra3 38. Nf6 Ra8 39.
g8=Q+ Rxg8 40. Nxg8 Kxg8 {[%mdl 4096]} 41. Kf4 Bd3 42. Ke5 Kf7 43. Be3 {
The principle of the diagonal: the bishop stops Black's passed pawn and
supports White's kingside pawns along the same diagonal.} Bf1 44. g4 {White
plays g5, f4-f5 (the g5-g6 threat forces Black's king to stay on f7) -f6, then
d5-d6, creating a decisive passed pawn on the b-file.} 1-0

[Event "Olympiad-41"]
[Site "Tromsoe"]
[Date "2014.08.05"]
[Round "4.1"]
[White "Vachier Lagrave, Maxime"]
[Black "Mamedyarov, Shakhriyar"]
[Result "0-1"]
[WhiteElo "2768"]
[BlackElo "2743"]
[Annotator "Marin,M"]
[PlyCount "96"]
[EventDate "2014.08.02"]
[EventType "team-swiss"]
[EventRounds "11"]
[EventCountry "NOR"]
[SourceTitle "CBM 162"]
[Source "ChessBase"]
[SourceDate "2014.09.17"]
[SourceVersion "1"]
[SourceVersionDate "2014.09.17"]
[SourceQuality "1"]
[WhiteTeam "France"]
[BlackTeam "Azerbaijan"]
[WhiteTeamCountry "FRA"]
[BlackTeamCountry "AZE"]

1. Nf3 Nf6 2. g3 g6 3. Bg2 Bg7 4. c4 O-O 5. d4 d6 6. Nc3 Nbd7 7. O-O e5 8. e4
exd4 {I have always felt a great relief when facing this move over the board.
By giving up the tension so soon, Black simplifies White's choice of plans.
And in order to occupy the "weak" d4-square, Black needs a lot of cooperation
from White's part.} ({I find} 8... c6 9. h3 Qb6 {favoured by Tal, Fischer and
Kasparov, more challenging.}) 9. Nxd4 Re8 10. h3 a6 {Very straightforward.
Black intends to prepare ...b7-b5. But the last move is also very committal
and White has all the time he needs to take preventive measures.} 11. Re1 Rb8
12. Rb1 Ne5 13. Bf1 $6 {Played after 18 minutes, this rare move kind of
puzzles me. The bishop retreat does not prevent Black's queenside expansion in
any way. Later, White will need to spend another tempo on returning with the
bishop to the long diagonal.} ({I have always played} 13. b3 {, inspired by
Nikolic's games and Dautov's annotations. I got a stable advantage each time,
but maybe I need to re-consider the whole line. Mamedyarov could not have gone
in empty-handed for this line, he surely had something, at least worked out in
one practical game, as he frequently does in the Breyer Ruy Lopez.} c5 14. Nc2
{So, Black has got himself serious weaknesses along the d-file, now he has to
prove that his counterplay is good enough for compensating for the static
problems.} Nc6 (14... Nh5 15. Ne3 $5 ({I was happy with this creative move
found over the board, but maybe the simple} 15. g4 {, untested between strong
players yet, is better.} Nf6 {Luch,M (2432)-Guimaraes,R (2142) Porto 2013 (1/
2-1/2, 42)} 16. Bb2 $14 b5 17. cxb5 axb5 18. f4 {Black needs to sacrifice a
piece, with not entirely clear compensation.}) 15... b5 (15... Nxc4 16. Nxc4
Bxc3 17. Bd2 $44 {[%csl Gd5,Gd6,Gh5]}) 16. cxb5 axb5 17. Bb2 b4 18. Ncd5 Ba6 {
Marin,M (2545)-Golubev,M (2525) Bucharest 1996 EXT 1999 [Marin,M] (1-0, 73)}
19. Nf5 $1 $36) (14... b5 15. f4 {loses either the d6-pawn after} Ned7 ({or if
} 15... Nc6 $6 {- a piece to} 16. e5 {[%csl Gc6,Gf6]}) 16. Qxd6 {Hjartarson,J 
(2605)-Hillarp Persson,T (2445) Reykjavik 1997 CBM 062 [Stohl,I] (1-0, 32)}) (
14... Be6 {does not bring in too much dynamism to Black's position.} 15. f4 Nc6
16. Bb2 h5 (16... Nh5 $5) 17. Nd5 $14 Nh7 18. Bxg7 Kxg7 19. Qd2 b5 (19... Bxd5
20. cxd5 Na7 21. b4 b6 22. Rb3 $16 {Marin,M (2552)-Dragomirescu,C (2247)
Predeal 2006 (1-0, 46)}) 20. Nde3 $5 $16 {[%cal Gb1d1,Gf4f5,Ge4e5]} (20. b4
Nxb4 21. Ncxb4 cxb4 22. Qxb4 bxc4 23. Qxc4 Nf6 $36 {Delchev,A (2613)-Gallagher,
J (2497) Heraklio 2007 (1-0, 40)}) (20. cxb5 axb5 21. Rbd1 $14) 20... bxc4 21.
bxc4 Rxb1 22. Rxb1 Qc7 23. Qc3+ $16) 15. f4 ({Being a Benoni player with Black,
I never considered} 15. Nd5 {[%cal Gc1g5]} Nxd5 16. cxd5 Nd4 {seriously. But
maybe this is not such a good Benoni for Black, for instance} 17. Bb2 Nxc2 18.
Qxc2 b6 19. Bxg7 Kxg7 20. f4 $14 {Naumann,A (2522)-Thiede,L (2450) Germany
2010 (1-0, 59). Play is rather one-sided, the question is whether White's
central and kingside attack would break through or not.}) 15... Nd4 (15... Nb4
$5 {is another, more restrictive, way to trade the knights.}) 16. Be3 (16. Nxd4
cxd4 17. Nd5 Nxd5 18. cxd5 Qb6 19. Bb2 Bd7 20. Qd2 Rbc8 {[%cal Gd4d3,Gc8c2]}
21. Kh2 Rc3 $5 22. Bxc3 dxc3 23. Qc2 $14) 16... Qa5 $2 {A terrible blunder.
After the game, my young and talented opponent complained that, together with
his trainer GM Constantin Ionescu, who hosted him during the tournament, he
had had this variation on the board for a whole week!} (16... Nxc2 17. Qxc2 b5
18. cxb5 axb5 19. b4 {During my preparation for the game I had considered
White's position slightly better, but maybe Black could keep the balance even
with} Bd7 $5) 17. b4 $1 $18 {Marin,M (2527)-Vajda,L (2484) Bucharest 1999 CBM
070 [Marin,M] (1-0, 27)}) 13... c5 14. Nc2 b5 15. cxb5 axb5 16. b4 {
Practically admitting the failure of his initial plans. Vachier might have
thought he could take on b5 unpunished, but in view of the hanging h3-pawn,
the weak f3-square and the possibility of a central break with ... d6-d5,
White's underdeveloped army would be in big danger.} (16. Bxb5 Rxb5 17. Nxb5
Bxh3 {[%cal Gh3g4]} 18. f3 (18. Re3 d5) 18... d5) (16. Nxb5 d5 17. f4 Nc6 18.
e5 Ne4 19. Kh2 g5 $40) 16... c4 {The f1-bishop is just passive now.} 17. Nd4 d5
$1 $146 {The most energetic way to take over the initiative. White is in big
trouble already.} (17... Bd7 18. Be3 Qc8 {Frare,F (2247)-Disconzi da Silva,R 
(2386) Sao Jose de Rio Preto 2005 (1/2-1/2, 53)}) 18. Bg5 (18. exd5 Nxd5 19.
Ncxb5 (19. Nxd5 Qxd5 $19 {[%cal Gd5d4,Gc8b7]}) 19... Bd7 {[%csl Gc3]} 20. Bb2
$8 Nxb4 $1 (20... Bxb5 $2 21. Nxb5 Rxb5 22. Bxe5 Rxe5 23. Rxe5 Bxe5 24. Bxc4
$14) 21. Nd6 Nbd3 22. Nxe8 Bxe8 $17 {[%csl Gb2,Ge1]}) (18. f4 Nxe4 $1 19. Rxe4
(19. Nxe4 Nd3 $1 $19 {[%csl Gd4,Ge1,Ge4]}) 19... dxe4 20. fxe5 Bxe5 21. Nce2 e3
22. Bxe3 Bb7 $19) 18... dxe4 19. Nxe4 Bb7 20. Bg2 Bxe4 21. Rxe4 Qb6 22. Bxf6
Bxf6 23. Qe2 Re7 24. Nc2 Rd8 25. Re1 Rdd7 26. Ne3 Kg7 {To a certain extent,
the position looks symmetrical, but Black has a huge advantage. The c4-pawn is
much stronger than the a2-pawn and the control over the d3-square offers hopes
for setting up global domination.} 27. Rd1 Nd3 $6 {This offers White chances
to kick for his life. Let us remember the moment of Carlsen's Be3-h6 from the
previous game. It is good, of course, to occupy a good square with the knight 
(f4 and d3, respectively), but it would be better not to obstruct any of our
pieces!} (27... Rd3 {followed by ...Qd6}) ({or} 27... Qd8 {planning ...Rxd1
followed by ...Rd7 would have been more convincing.}) 28. a4 {At last some
white activity.} Rxe4 29. Bxe4 Rd4 {Black has finally occupied this square,
meaning that White has really provided some help. The last move attacks the
bishop and over-defends c4, threatening ...bxa4.} 30. a5 Qd6 31. Qg4 {And now
he strikes on the opposite wing.} Kh6 32. Nc2 {With his rook trapped in the
centre, it almost looks as if Black had been tricked, but...} Nxf2 $1 {The
start of some spectacular mutual blows.} 33. Rxd4 Bxd4 34. Qh4+ Kg7 {And now,
we should not hurry to call it a day the other way around...} 35. Bxg6 $1 {
Hitting h7 and d4 simultaneously.} Ng4+ 36. Kf1 hxg6 37. Nxd4 Qxd4 38. Qxg4
Qd3+ {It may seem that the worse is over for White. In queen endings the
number of pawns is less relevant than the rank of the passed pawns. Isn't the
a5-pawn just as good as the c4-pawn? Well, almost, because a third element
interferes, the king's safety. This detail alone, clearly favouring Black,
decides the game.} 39. Qe2 ({If} 39. Kf2 c3 {Black would soon deliver mate
witb four queens on board.}) 39... Qxg3 40. a6 Qxh3+ {The pawns are not that
important, but their absence is... There is no shelter available for the king.}
41. Kg1 Qg3+ 42. Kf1 Qc3 43. Qa2 Qh3+ 44. Kg1 c3 45. Qa1 ({White had no time
for advancing his pawn:} 45. a7 Qe3+ 46. Qf2 (46. Kf1 Qc1+ 47. Ke2 c2) (46. Kg2
Qd2+ 47. Qxd2 cxd2) 46... Qxf2+ 47. Kxf2 c2 48. a8=Q c1=Q {We have transposed
to another queen ending without any counterplay for White. And the extra pawns
finally do count!}) 45... Qg4+ 46. Kf1 Qf3+ 47. Kg1 Qe3+ 48. Kf1 Kh7 (48... Kh7
{Unpinning the pawn. If} 49. Qa2 Qc1+ 50. Ke2 Qb2+ {with a familiar
transposition to a simple pawn and then again queen ending.}) 0-1